The war dispatches of Stephen Crane / (Record no. 28074)
[ view plain ]
| 000 -LEADER | |
|---|---|
| fixed length control field | 00982nam a2200289 4500 |
| 001 - CONTROL NUMBER | |
| control field | 28074 |
| 003 - CONTROL NUMBER IDENTIFIER | |
| rucl marc code | BD-RjUL |
| 005 - DATE AND TIME OF LATEST TRANSACTION | |
| control field | 20211209051233.0 |
| 008 - FIXED-LENGTH DATA ELEMENTS--GENERAL INFORMATION | |
| fixed length control field | 140329s1964 nyubc b 00110 eng d |
| 035 ## - SYSTEM CONTROL NUMBER | |
| System control number | (BD-RjUL) 28155 |
| System control number | (BD-RjUL) |
| 040 ## - CATALOGING SOURCE | |
| Original cataloging agency | Xerox |
| Language of cataloging | eng |
| Transcribing agency | BD-RjUL |
| 041 ## - LANGUAGE CODE | |
| Language code of text/sound track or separate title | eng |
| 082 04 - DEWEY DECIMAL CLASSIFICATION NUMBER | |
| Classification number | 940.28 |
| Author mark and year | CRW 1964 |
| 100 1# - MAIN ENTRY--PERSONAL NAME | |
| Personal name | Crane, Stephen, |
| Dates associated with a name | 1871-1900. |
| 9 (RLIN) | 51714 |
| 245 14 - TITLE STATEMENT | |
| Title | The war dispatches of Stephen Crane / |
| Statement of responsibility, etc. | Edited by R. W. Stallman and E. R. Hagemann. |
| 260 ## - PUBLICATION, DISTRIBUTION, ETC. (IMPRINT) | |
| Place of publication, distribution, etc. | New York : |
| Name of publisher, distributor, etc. | New York University Press, |
| Date of publication, distribution, etc. | 1964. |
| 300 ## - PHYSICAL DESCRIPTION | |
| Pagination | xv, 343 p. : |
| Illustrations | ill. ; |
| Size | 25 cm. |
| 504 ## - BIBLIOGRAPHY, ETC. NOTE | |
| Bibliography, etc | Bibliographical footnotes. and Index |
| 650 #0 - SUBJECT ADDED ENTRY--TOPICAL TERM | |
| Topical term or geographic name as entry element | Greco-Turkish War, 1897 |
| General subdivision | Personal narratives. |
| 9 (RLIN) | 86067 |
| Topical term or geographic name as entry element | South African War, 1899-1902 |
| General subdivision | Personal narratives. |
| 9 (RLIN) | 78964 |
| Topical term or geographic name as entry element | Spanish-American War, 1898 |
| General subdivision | Personal narratives. |
| 9 (RLIN) | 86068 |
| 700 1# - ADDED ENTRY--PERSONAL NAME | |
| Personal name | Stallman R. W. |
| Personal name | Hagemann. E. R. |
| 942 ## - ADDED ENTRY ELEMENTS (KOHA) | |
| Source of classification or shelving scheme | Dewey Decimal Classification |
| Koha item type | Books |
| Lost status | Source of classification or shelving scheme | Damaged status | Not for loan | Collection code | Permanent Location | Current Location | Shelving location | Date acquired | Source of acquisition | Cost, normal purchase price | Total Checkouts | Full call number | Date last seen | Copy number | Koha item type |
|---|---|---|---|---|---|---|---|---|---|---|---|---|---|---|---|
| Dewey Decimal Classification | Added to bundle | Non-fiction | Central Library, University of Rajshahi | Central Library, University of Rajshahi | Reading Room | 27/07/1972 | Book centre | 49.00 | 940.28 CRW 1964 | 29/03/2014 | C-1 | Books |